00889nam a2200265 i 4500001001000000003000900010005001700019007000300036008004100039040003000080041000800110082002400118100003900142245005100181264008400232300004400316336002700360337003300387338002800420490001000448500006300458650002400521650002700545710005100572000010474DO-SdBNP20250717074015.0ta091007s1986 dr r 000 p spa d aDO-SdBNPbspacBNPHUerda hspa 4aRD861.44bM742t2221 aMonegro, Juan,d1949-eautor4aut.10aTres estaciones para un viaje /cJuan Monegro. 4aSanto Domingo :bBiblioteca Nacional Pedro Henríquez Ureña (BNPHU),c©1986 a63 páginas :bilustraciones ;c21 cm. atextobtxt2rdacontent asin mediaciónbn2rdamedia avolumenbnc2rdacarrier0 aOrfeo aIncluye datos biográficos del autor en la contracubierta 7aPoesía dominicana 7aLiteratura dominicana.2 aBiblioteca Nacional Pedro Henríquez Ureña